00956nam a2200253 450000500170000002000320001704000320004908200120008110000230009324500660011625000120018226000560019430000390025050000200028952001870030954600120049665000130050865000130052165000130053470000180054794200070056599900170057295201130058920250928084901.0 a9780273704249cTZS 22,050/= aMCCLbengeAACR 2nd rev.ed. a658 WOR aWorthington, Ian  aThe business environment /cIan Worthington and Chris Britton a5th ed. a Harlow :bFinancial Times Prentice Hall ,cc 2006. axxii, 527 p . : bill . ;c 27 cm. aIncludes index. aThis work contains a thorough analysis of the external influences that affect business activity. Theory is backed up by a wealth of statistical data, commentary and mini case studies aeng.  aCommerce aAffaires aBusiness aChris Britton cBK c11299d11299 00104070aMU002bMU002d2010-09-01eRadar ed.l0o658 WORp004112r2025-09-28 08:54:42t1w2025-09-28yBK